[Event "Titled Tuesday intern op 16th Apr Late"]
[Site "Chess.com INT"]
[Date "2024.04.16"]
[Round "7"]
[White "Degtiarev, Evgeny"]
[Black "Torres, Yelfry"]
[Result "1-0"]
[WhiteElo "2391"]
[BlackElo "2061"]
[PlyCount "91"]
[EventDate "2024.04.16"]
[EventType "swiss (blitz)"]
[EventRounds "11"]
[EventCountry "USA"]
[SourceTitle "CB17_2024"]
[SourceDate "2024.04.24"]
[SourceVersion "1"]
[SourceVersionDate "2024.04.24"]
[SourceQuality "1"]

1. d4 d6 2. c4 Nf6 3. Nc3 Nbd7 4. e4 e5 5. Nf3 Be7 6. Bg5 0-0 7. d5 h6 8. Be3 Ng4 9. Bd2 a5 10. h3 Ngf6 11. g4 Nc5 12. Qc2 Nh7 13. Be3 b6 14. a3 Ng5 15. Nd2 Nh7 16. Rb1 Bg5 17. Bxg5 Qxg5 18. b4 Nb7 19. Nb5 Qd8 20. Be2 Bd7 21. h4 Rc8 22. Na7 Ra8 23. Nc6 Qe8 24. b5 Bxc6 25. bxc6 Nc5 26. Nb3 Na6 27. g5 hxg5 28. hxg5 Nxg5 29. Rh5 f6 30. Kd2 Qg6 31. Rh4 Nf3+ 32. Bxf3 Qg5+ 33. Ke2 Qxh4 34. Rh1 Qg5 35. Qd1 f5 36. Rh5 Qg6 37. Qh1 Kf7 38. Rxf5+ Ke7 39. Qh4+ Rf6 40. Bh5 Qh6 41. Qg4 Raf8 42. Rxf6 Rxf6 43. Qd7+ Kf8 44. Qc8+ Ke7 45. Qd7+ Kf8 46. Qe8# 1-0

[Event "Titled Tuesday intern op 16th Apr Late"]
[Site "Chess.com INT"]
[Date "2024.04.16"]
[Round "4"]
[White "Potapova, Margarita"]
[Black "Degtiarev, Evgeny"]
[Result "1-0"]
[WhiteElo "2112"]
[BlackElo "2391"]
[PlyCount "77"]
[EventDate "2024.04.16"]
[EventType "swiss (blitz)"]
[EventRounds "11"]
[EventCountry "USA"]
[SourceTitle "CB17_2024"]
[SourceDate "2024.04.24"]
[SourceVersion "1"]
[SourceVersionDate "2024.04.24"]
[SourceQuality "1"]

1. d4 Nf6 2. c4 g6 3. Nc3 d5 4. cxd5 Nxd5 5. h4 Nxc3 6. bxc3 c5 7. Nf3 cxd4 8. cxd4 Bg7 9. h5 Nc6 10. h6 Bf6 11. Bb2 Qa5+ 12. Qd2 Qxd2+ 13. Kxd2 Bg4 14. e3 Rd8 15. Nh2 Bc8 16. f4 0-0 17. Nf3 Bf5 18. Rc1 e6 19. Bd3 Be7 20. e4 Bg4 21. Nh2 f5 22. Nxg4 fxg4 23. Ke3 e5 24. Bc4+ Kh8 25. dxe5 Bc5+ 26. Ke2 Nd4+ 27. Bxd4 Rxd4 28. Bd5 b6 29. g3 Rb4 30. Rb1 Ra4 31. e6 g5 32. f5 Be7 33. Rhc1 Ra3 34. Bb3 Rd8 35. Rc7 Bf6 36. Rd7 Rc8 37. e7 Ra5 38. Re1 Re5 39. Be6 1-0

[Event "Titled Tuesday intern op 16th Apr Late"]
[Site "Chess.com INT"]
[Date "2024.04.16"]
[Round "6"]
[White "Radhakrishnan, Sharath"]
[Black "Degtiarev, Evgeny"]
[Result "1/2-1/2"]
[WhiteElo "1963"]
[BlackElo "2391"]
[PlyCount "122"]
[EventDate "2024.04.16"]
[EventType "swiss (blitz)"]
[EventRounds "11"]
[EventCountry "USA"]
[SourceTitle "CB17_2024"]
[SourceDate "2024.04.24"]
[SourceVersion "1"]
[SourceVersionDate "2024.04.24"]
[SourceQuality "1"]

1. e4 d5 2. exd5 Qxd5 3. Nf3 Nf6 4. d4 Bg4 5. Be2 Nc6 6. Nc3 Qa5 7. 0-0 0-0-0 8. Be3 e6 9. h3 Bxf3 10. Bxf3 Nxd4 11. Bxd4 c5 12. Bxb7+ Kxb7 13. Qf3+ Nd5 14. Nxd5 exd5 15. Qxf7+ Qc7 16. Qxc7+ Kxc7 17. Be5+ Kc6 18. Rfe1 h5 19. Rad1 h4 20. f4 Rh5 21. c3 Rf5 22. Re2 Bd6 23. Bxd6 Rxd6 24. Re7 d4 25. cxd4 cxd4 26. Rxg7 Rxf4 27. Rxa7 Rd8 28. Ra3 Re4 29. Rad3 Kc5 30. Kf2 Rf8+ 31. Rf3 Rfe8 32. Rd2 R8e5 33. Rc2+ Kd5 34. b4 Re1 35. Rc5+ Kd6 36. Rxe5 Rxe5 37. a4 Kd5 38. Rf4 Kc4 39. Rxh4 Kc3 40. Rh8 d3 41. Rd8 Rf5+ 42. Ke3 Re5+ 43. Kf4 Re2 44. g4 Rh2 45. Kg3 Re2 46. h4 d2 47. Kf4 Rf2+ 48. Kg5 Re2 49. h5 Re4 50. Rxd2 Kxd2 51. h6 Rxb4 52. Kh5 Rxa4 53. g5 Ke3 54. h7 Ra1 55. Kh6 Kf4 56. g6 Kf5 57. Kg7 Rh1 58. Kf7 Rh2 59. Kg7 Rh1 60. Kf7 Rh2 61. Kg7 Rh1 1/2-1/2

[Event "Titled Tuesday intern op 16th Jan Late"]
[Site "Chess.com INT"]
[Date "2024.01.16"]
[Round "9"]
[White "Delorme, Axel"]
[Black "Degtiarev, Evgeny"]
[Result "0-1"]
[WhiteElo "2487"]
[BlackElo "2381"]
[PlyCount "94"]
[EventDate "2024.01.16"]
[EventType "swiss (blitz)"]
[EventRounds "11"]
[EventCountry "USA"]
[SourceTitle "CB04_2024"]
[SourceDate "2023.10.16"]
[SourceVersion "1"]
[SourceVersionDate "2023.10.16"]
[SourceQuality "1"]

1. e4 e5 2. Nf3 Nc6 3. Nc3 Nf6 4. d4 exd4 5. Nxd4 Bb4 6. Nxc6 dxc6 7. Qxd8+ Kxd8 8. Bg5 Bxc3+ 9. bxc3 h6 10. 0-0-0+ Ke7 11. Bf4 Be6 12. f3 Rhd8 13. Be2 Bxa2 14. c4 b5 15. Kb2 Bxc4 16. Bxc4 bxc4 17. Bxc7 Rxd1 18. Rxd1 Ne8 19. Be5 f6 20. Bg3 g5 21. Kc3 h5 22. h3 h4 23. Bh2 Rd8 24. Ra1 Rd7 25. Bg1 Nd6 26. Bc5 Ke6 27. Ra6 Rc7 28. Bxd6 Kxd6 29. Kxc4 Rb7 30. Kc3 Kc5 31. Ra5+ Kd6 32. Rf5 Ke6 33. Rc5 Kd6 34. Ra5 Ke6 35. Ra4 Kd6 36. Rd4+ Ke5 37. Rd8 Kf4 38. Rf8 Kg3 39. Rxf6 Kxg2 40. Rf5 Rg7 41. e5 Kxh3 42. e6 Kg3 43. Kd4 h3 44. Rf7 Rg6 45. e7 Re6 46. Rg7 h2 47. Rxg5+ Kxf3 0-1

[Event "Titled Tuesday intern op 16th Jan Late"]
[Site "Chess.com INT"]
[Date "2024.01.16"]
[Round "5"]
[White "Sargsyan, Anna M"]
[Black "Degtiarev, Evgeny"]
[Result "0-1"]
[WhiteElo "2377"]
[BlackElo "2381"]
[PlyCount "94"]
[EventDate "2024.01.16"]
[EventType "swiss (blitz)"]
[EventRounds "11"]
[EventCountry "USA"]
[SourceTitle "CB04_2024"]
[SourceDate "2023.10.16"]
[SourceVersion "1"]
[SourceVersionDate "2023.10.16"]
[SourceQuality "1"]

1. d4 Nf6 2. c4 g6 3. g3 c6 4. Bg2 d5 5. Nc3 Bg7 6. Nf3 0-0 7. cxd5 cxd5 8. Ne5 e6 9. 0-0 Nfd7 10. Nf3 Nc6 11. Bf4 a6 12. Rc1 Nb6 13. b3 Bd7 14. h4 Re8 15. h5 Rc8 16. h6 Bf8 17. Qd2 Ba3 18. Rcd1 f6 19. Qe3 Ne7 20. g4 Bb4 21. Nb1 Nf5 22. gxf5 exf5 23. Ne5 fxe5 24. Bxe5 Bd6 25. f4 Bf8 26. Nc3 Bc6 27. Qh3 Qd7 28. Rd3 Qf7 29. Rg3 Nd7 30. Nd1 Nf6 31. Ne3 Ne4 32. Bxe4 dxe4 33. Nxf5 Bd7 34. Rg5 Bxf5 35. Qh4 Be7 36. Kg2 Bxg5 37. fxg5 Rc2 38. Rf2 e3 39. Rf3 Rxe2+ 40. Kf1 Rf2+ 41. Rxf2 exf2 42. Kxf2 Be4+ 43. Ke1 Qf3 44. Qh2 Bd3 45. Kd2 Bf5 46. Ke1 Rc8 47. Qd2 Rc2 0-1

[Event "Titled Tuesday intern op 16th Jan Late"]
[Site "Chess.com INT"]
[Date "2024.01.16"]
[Round "7"]
[White "Slate, Kent"]
[Black "Degtiarev, Evgeny"]
[Result "1-0"]
[WhiteElo "2087"]
[BlackElo "2381"]
[PlyCount "65"]
[EventDate "2024.01.16"]
[EventType "swiss (blitz)"]
[EventRounds "11"]
[EventCountry "USA"]
[SourceTitle "CB04_2024"]
[SourceDate "2023.10.16"]
[SourceVersion "1"]
[SourceVersionDate "2023.10.16"]
[SourceQuality "1"]

1. e4 e5 2. Nf3 Nc6 3. Bc4 Bc5 4. d4 Bxd4 5. Nxd4 Nxd4 6. Be3 Nc6 7. Qg4 Qf6 8. Nc3 d5 9. Qg3 dxc4 10. Nd5 Qg6 11. Nxc7+ Kd8 12. Nxa8 Qxg3 13. 0-0-0+ Bd7 14. fxg3 Nf6 15. Rhf1 Kc8 16. Bxa7 Nxa7 17. Nb6+ Kc7 18. Rxf6 gxf6 19. Nxd7 Nc6 20. Nxf6 b5 21. Rd7+ Kb6 22. Rxf7 Ra8 23. a3 Kc5 24. Rxh7 b4 25. axb4+ Nxb4 26. Kd2 Rd8+ 27. Rd7 Rf8 28. Ng4 Nc6 29. Nxe5 Rf2+ 30. Ke3 Rxg2 31. Rd5+ Kb6 32. Rd6 Rxc2 33. Rxc6+ 1-0

[Event "Titled Tuesday intern op 14th Nov Early"]
[Site "Chess.com INT"]
[Date "2023.11.14"]
[Round "5"]
[White "Godzwon, Iwo"]
[Black "Degtiarev, Evgeny"]
[Result "0-1"]
[WhiteElo "2415"]
[BlackElo "2381"]
[PlyCount "98"]
[EventDate "2023.11.14"]
[EventType "swiss (blitz)"]
[EventRounds "11"]
[EventCountry "USA"]
[SourceTitle "CB47_2023"]
[SourceDate "2023.11.22"]
[SourceVersion "1"]
[SourceVersionDate "2023.11.22"]
[SourceQuality "1"]

1. c4 e5 2. g3 Nf6 3. Bg2 Nc6 4. Nc3 Bc5 5. e3 d5 6. Nxd5 Nxd5 7. cxd5 Nb4 8. d4 exd4 9. exd4 Be7 10. Ne2 Nxd5 11. 0-0 0-0 12. Qb3 c6 13. Nc3 Nxc3 14. bxc3 Bf6 15. a4 Re8 16. a5 a6 17. Bf4 Re7 18. Rfe1 Be6 19. Qb4 Rd7 20. Rxe6 fxe6 21. Bh3 Re7 22. Re1 Qd5 23. Bd6 Ree8 24. Bc5 e5 25. Bg2 Qf7 26. Bf1 Kh8 27. Bc4 Qd7 28. Rd1 exd4 29. cxd4 Be7 30. Rb1 Bxc5 31. dxc5 Re4 32. Qb3 Rae8 33. Kg2 Qd4 34. Bf7 Rf8 35. Rd1 Qf6 36. Rd7 Re7 37. Rxe7 Qxe7 38. Be6 Qxc5 39. f4 Qe7 40. f5 h6 41. h4 Rd8 42. Qc3 Qf6 43. Qb4 Qd4 44. Qxb7 Qd2+ 45. Kh3 Qd1 46. Qxc6 h5 47. Bc4 Qg4+ 48. Kg2 Rd2+ 49. Kf1 Qd1# 0-1

[Event "Titled Tuesday intern op 26th Sep Late"]
[Site "Chess.com INT"]
[Date "2023.09.26"]
[Round "10"]
[White "Bullen, Alex"]
[Black "Degtiarev, Evgeny"]
[Result "0-1"]
[WhiteElo "2128"]
[BlackElo "2384"]
[PlyCount "60"]
[EventDate "2023.09.26"]
[EventType "swiss (blitz)"]
[EventRounds "11"]
[EventCountry "USA"]
[SourceTitle "EXT 2024"]
[Source "ChessBase"]
[SourceDate "2023.10.10"]
[SourceVersion "1"]
[SourceVersionDate "2023.10.10"]
[SourceQuality "1"]

1. d4 d5 2. Nf3 Nf6 3. e3 c6 4. c4 a6 5. cxd5 cxd5 6. Nc3 Nc6 7. Bd3 g6 8. 0-0 Bg7 9. Qb3 0-0 10. a4 Na5 11. Qa2 Be6 12. Ng5 Bd7 13. b4 Nc6 14. Nxd5 Nxd5 15. Qxd5 Nxb4 16. Qb3 Nxd3 17. Qxd3 b5 18. Bd2 bxa4 19. Ne4 Bb5 20. Qa3 Bxf1 21. Kxf1 e5 22. Bc3 Qd5 23. f3 exd4 24. Bxd4 Bxd4 25. exd4 Qxd4 26. Rb1 Rab8 27. Re1 Kg7 28. Ng5 Rb2 29. Ne6+ fxe6 30. Qe7+ Rf7 0-1

[Event "Titled Tuesday intern op 26th Sep Late"]
[Site "Chess.com INT"]
[Date "2023.09.26"]
[Round "8"]
[White "Degtiarev, Evgeny"]
[Black "Meduri, Aakaash"]
[Result "1/2-1/2"]
[WhiteElo "2384"]
[BlackElo "1993"]
[PlyCount "93"]
[EventDate "2023.09.26"]
[EventType "swiss (blitz)"]
[EventRounds "11"]
[EventCountry "USA"]
[SourceTitle "EXT 2024"]
[Source "ChessBase"]
[SourceDate "2023.10.10"]
[SourceVersion "1"]
[SourceVersionDate "2023.10.10"]
[SourceQuality "1"]

1. d4 f5 2. c4 Nf6 3. g3 e6 4. Bg2 Be7 5. Nc3 0-0 6. Nh3 d6 7. 0-0 e5 8. dxe5 dxe5 9. Qxd8 Rxd8 10. Bg5 c6 11. Rfd1 Na6 12. Rxd8+ Bxd8 13. Rd1 Be6 14. b3 Be7 15. e4 g6 16. f4 Bc5+ 17. Kh1 Ng4 18. fxe5 Nxe5 19. Nf4 Ng4 20. Nxe6 Nf2+ 21. Kg1 Nxd1+ 22. Nxc5 Nxc3 23. Nxa6 bxa6 24. exf5 gxf5 25. Bxc6 Rb8 26. Bf6 Rb6 27. Bxc3 Rxc6 28. Kf2 Re6 29. Kf3 Kf7 30. Bd4 Rd6 31. Ke3 Re6+ 32. Kd3 Re7 33. c5 Ke6 34. Kc4 Rc7 35. b4 h5 36. a4 h4 37. b5 axb5+ 38. axb5 hxg3 39. hxg3 Rh7 40. b6 axb6 41. cxb6 Kd6 42. Kb5 Kd5 43. Be3 Rh1 44. Bc5 Rh7 45. Be3 Rh1 46. Bc5 Rh7 47. Be3 1/2-1/2

[Event "Titled Tuesday intern op 26th Sep Late"]
[Site "Chess.com INT"]
[Date "2023.09.26"]
[Round "11"]
[White "Degtiarev, Evgeny"]
[Black "Pinheiro, Iung Alicio"]
[Result "0-1"]
[WhiteElo "2384"]
[BlackElo "2306"]
[PlyCount "110"]
[EventDate "2023.09.26"]
[EventType "swiss (blitz)"]
[EventRounds "11"]
[EventCountry "USA"]
[SourceTitle "EXT 2024"]
[Source "ChessBase"]
[SourceDate "2023.10.10"]
[SourceVersion "1"]
[SourceVersionDate "2023.10.10"]
[SourceQuality "1"]

1. d4 Nf6 2. c4 e6 3. g3 d5 4. Nf3 Bb4+ 5. Bd2 Be7 6. Bg2 0-0 7. 0-0 Ne4 8. Bf4 Nc6 9. cxd5 exd5 10. Nbd2 f5 11. Rc1 g5 12. Be5 g4 13. Ne1 Nxe5 14. dxe5 c6 15. Nd3 Bg5 16. e3 Qe7 17. Nb3 h5 18. Nf4 Bxf4 19. exf4 h4 20. Nd4 hxg3 21. fxg3 Be6 22. Bxe4 dxe4 23. Nxe6 Qxe6 24. Qd6 Qxd6 25. exd6 Rad8 26. Rfd1 Rf6 27. Rc5 Kf7 28. d7 Kg6 29. Re5 Rf7 30. Re6+ Kg7 31. Re8 Rdxd7 32. Re1 Rd2 33. b4 Rfd7 34. Re5 Kf6 35. Re8 Rxa2 36. Rf8+ Kg6 37. Rg8+ Kf7 38. Rb8 Rb2 39. Rh8 Rxb4 40. h3 gxh3 41. Rxh3 Rb2 42. Rh5 Kg6 43. Rg5+ Kf6 44. g4 fxg4 45. Rxg4 Rdd2 46. f5 Kxf5 47. Rgxe4 Rg2+ 48. Kh1 Rh2+ 49. Kg1 Rbg2+ 50. Kf1 Rf2+ 51. Kg1 Rhg2+ 52. Kh1 Kg5 53. Re5+ Kh4 54. R1e4+ Rg4 55. Re1 Rf3 0-1

[Event "Titled Tuesday intern op 19th Sep Late"]
[Site "Chess.com INT"]
[Date "2023.09.19"]
[Round "6"]
[White "Degtiarev, Evgeny"]
[Black "Varela la Madrid, Maria"]
[Result "1-0"]
[WhiteElo "2384"]
[BlackElo "1968"]
[PlyCount "69"]
[EventDate "2023.09.19"]
[EventType "swiss (blitz)"]
[EventRounds "11"]
[EventCountry "USA"]
[SourceTitle "EXT 2024"]
[Source "ChessBase"]
[SourceDate "2023.10.10"]
[SourceVersion "1"]
[SourceVersionDate "2023.10.10"]
[SourceQuality "1"]

1. d4 Nf6 2. c4 e6 3. g3 d5 4. Nf3 Bb4+ 5. Bd2 Be7 6. Bg2 0-0 7. 0-0 dxc4 8. Qc2 c5 9. dxc5 Nbd7 10. Qxc4 Bxc5 11. Nc3 a6 12. b4 b5 13. Qb3 Ba7 14. Rad1 Bb7 15. Bg5 Qc7 16. Rc1 Rac8 17. Nxb5 Qb8 18. Nxa7 Rxc1 19. Bxc1 Qxa7 20. Bb2 Bd5 21. Qa3 Qb7 22. Rc1 Rb8 23. Ne1 Bxg2 24. Nxg2 Qxb4 25. Qxb4 Rxb4 26. Rc8+ Nf8 27. Rc2 Rb8 28. f3 Nd5 29. e4 Nb4 30. Rd2 a5 31. a3 Nc6 32. Ne3 Ng6 33. Nc4 Nge5 34. Nxe5 Nxe5 35. Bxe5 1-0

[Event "Titled Tuesday intern op 19th Sep Late"]
[Site "Chess.com INT"]
[Date "2023.09.19"]
[Round "7"]
[White "Degtiarev, Evgeny"]
[Black "Vargas, Mauricio"]
[Result "1-0"]
[WhiteElo "2384"]
[BlackElo "1961"]
[PlyCount "59"]
[EventDate "2023.09.19"]
[EventType "swiss (blitz)"]
[EventRounds "11"]
[EventCountry "USA"]
[SourceTitle "EXT 2024"]
[Source "ChessBase"]
[SourceDate "2023.10.10"]
[SourceVersion "1"]
[SourceVersionDate "2023.10.10"]
[SourceQuality "1"]

1. d4 d5 2. c4 c6 3. Nc3 e6 4. e3 Nd7 5. Nf3 Ngf6 6. Qc2 Bd6 7. e4 dxe4 8. Nxe4 0-0 9. Nxd6 Nb6 10. Nxc8 Rxc8 11. Bd3 c5 12. dxc5 Rxc5 13. 0-0 Rh5 14. h3 Qc7 15. b4 Rc8 16. c5 Nbd5 17. a3 e5 18. Re1 Nf4 19. Bxf4 exf4 20. Bc4 b6 21. Rad1 bxc5 22. b5 g5 23. Ne5 Rf8 24. Qb3 g4 25. Nxg4 Nxg4 26. hxg4 Rh4 27. Qf3 Qb6 28. Re5 Qh6 29. Rh5 Rxh5 30. gxh5 1-0

[Event "Titled Tuesday intern op 25th Apr Late"]
[Site "Chess.com INT"]
[Date "2023.04.25"]
[Round "6"]
[White "Bazilius, Augustinas"]
[Black "Degtiarev, Evgeny"]
[Result "1/2-1/2"]
[WhiteElo "2073"]
[BlackElo "2385"]
[PlyCount "116"]
[EventDate "2023.04.25"]
[EventType "swiss (blitz)"]
[EventRounds "11"]
[EventCountry "USA"]
[SourceTitle "EXT 2024"]
[Source "ChessBase"]
[SourceDate "2023.10.10"]
[SourceVersion "1"]
[SourceVersionDate "2023.10.10"]
[SourceQuality "1"]

1. d4 Nf6 2. c4 g6 3. Nf3 Bg7 4. g3 c6 5. Bg2 d5 6. 0-0 0-0 7. cxd5 cxd5 8. Ne5 e6 9. Nc3 Nfd7 10. Nxd7 Qxd7 11. b3 Nc6 12. Bb2 Nxd4 13. Rc1 Nc6 14. e4 d4 15. Nb5 a6 16. Na3 b5 17. Nc2 Bb7 18. Qd3 e5 19. Ba3 Rfc8 20. f4 a5 21. Qf3 b4 22. Bb2 Ba6 23. Rfd1 Qa7 24. Ne1 Ne7 25. Nd3 Bxd3 26. Qxd3 a4 27. fxe5 Rxc1 28. Rxc1 Bxe5 29. Rc4 axb3 30. axb3 Rd8 31. Rxb4 Qa2 32. Bc1 Qa1 33. Rc4 Ra8 34. Bf1 Ra2 35. Bg5 f6 36. Rc8+ Kg7 37. Rf8 Kxf8 38. Qc4 fxg5 39. Qe6 Ra5 40. Qb6 Qc3 41. Qd8+ Kf7 42. Bc4+ Nd5 43. Bxd5+ Rxd5 44. Qxd5+ Kf6 45. Qd8+ Ke6 46. Qd5+ Kf6 47. Qd8+ Kg7 48. Qe7+ Kh6 49. Qxe5 Qe3+ 50. Kg2 Qe2+ 51. Kh3 Qf1+ 52. Kg4 Qe2+ 53. Kh3 Qf1+ 54. Kg4 Qd1+ 55. Kh3 Qh5+ 56. Kg2 Qe2+ 57. Kg1 Qe1+ 58. Kg2 Qe2+ 1/2-1/2

[Event "Titled Tuesday intern op 25th Apr Late"]
[Site "Chess.com INT"]
[Date "2023.04.25"]
[Round "3"]
[White "Degtiarev, Evgeny"]
[Black "Moral Garcia, Serafin"]
[Result "1-0"]
[WhiteElo "2385"]
[BlackElo "2258"]
[PlyCount "115"]
[EventDate "2023.04.25"]
[EventType "swiss (blitz)"]
[EventRounds "11"]
[EventCountry "USA"]
[SourceTitle "EXT 2024"]
[Source "ChessBase"]
[SourceDate "2023.10.10"]
[SourceVersion "1"]
[SourceVersionDate "2023.10.10"]
[SourceQuality "1"]

1. d4 Nf6 2. c4 g6 3. Nc3 d5 4. cxd5 Nxd5 5. e4 Nxc3 6. bxc3 Bg7 7. Bc4 c5 8. Ne2 Nc6 9. Be3 0-0 10. 0-0 Qc7 11. Rc1 Rd8 12. Bd3 b6 13. Qd2 e6 14. Bg5 f6 15. Bf4 e5 16. Bg3 Qe7 17. d5 Na5 18. c4 Nb7 19. f4 Nd6 20. fxe5 fxe5 21. h4 Bg4 22. Rf2 Rf8 23. Rcf1 h5 24. Nc3 Kh7 25. Be2 Bxe2 26. Qxe2 Bf6 27. Nb5 Nxb5 28. cxb5 Kg7 29. Qb2 Bxh4 30. Qxe5+ Qxe5 31. Bxe5+ Kg8 32. Rxf8+ Rxf8 33. Rxf8+ Kxf8 34. Bb8 c4 35. Kf1 Be7 36. Bxa7 Bc5 37. Bb8 Ke7 38. e5 g5 39. Ke2 h4 40. e6 g4 41. Bf4 h3 42. gxh3 gxh3 43. Kf3 Bd6 44. Bg5+ Ke8 45. a4 c3 46. Bc1 c2 47. a5 bxa5 48. b6 a4 49. b7 Kd8 50. Ba3 Bb8 51. d6 Ke8 52. d7+ Kd8 53. Bc1 Ke7 54. Bg5+ Kxe6 55. d8Q Be5 56. Qe7+ Kf5 57. Qxe5+ Kxe5 58. b8Q+ 1-0

[Event "Titled Tuesday intern op 25th Apr Early"]
[Site "Chess.com INT"]
[Date "2023.04.25"]
[Round "8"]
[White "Degtiarev, Evgeny"]
[Black "Quirke, Jeffrey"]
[Result "1-0"]
[WhiteElo "2385"]
[BlackElo "2007"]
[PlyCount "91"]
[EventDate "2023.04.25"]
[EventType "swiss (blitz)"]
[EventRounds "11"]
[EventCountry "USA"]
[SourceTitle "EXT 2024"]
[Source "ChessBase"]
[SourceDate "2023.10.10"]
[SourceVersion "1"]
[SourceVersionDate "2023.10.10"]
[SourceQuality "1"]

1. d4 e6 2. c4 b6 3. Nc3 Bb4 4. Nf3 Bb7 5. Qc2 f5 6. a3 Bxc3+ 7. Qxc3 Nf6 8. b4 0-0 9. Bb2 a5 10. b5 Ne4 11. Qc2 d6 12. e3 Nd7 13. Bd3 Ndf6 14. 0-0 Qe8 15. Ne1 Qh5 16. f3 Ng5 17. d5 g6 18. Be2 Qh6 19. Nd3 e5 20. f4 e4 21. fxg5 exd3 22. gxh6 dxc2 23. Rac1 Rae8 24. Bd4 Re4 25. Rxc2 Rh4 26. g3 Rxh6 27. h4 Ne4 28. Kg2 Bc8 29. Bd3 g5 30. Bxe4 fxe4 31. Rxf8+ Kxf8 32. Rf2+ Kg8 33. hxg5 Rg6 34. Bf6 h6 35. Rf4 hxg5 36. Rf1 Bg4 37. Bd8 Bf3+ 38. Kf2 Rg7 39. g4 Rh7 40. Kg3 Kf8 41. Bxg5 Ke8 42. Bf6 Kd7 43. g5 Rh1 44. Rxh1 Bxh1 45. Kf4 Bf3 46. Kf5 1-0

[Event "Titled Tuesday intern op 17th Jan Late"]
[Site "Chess.com INT"]
[Date "2023.01.17"]
[Round "7"]
[White "Degtiarev, Evgeny"]
[Black "Golubev, Mikhail"]
[Result "1/2-1/2"]
[WhiteElo "2385"]
[BlackElo "2461"]
[PlyCount "102"]
[EventDate "2023.01.17"]
[EventType "swiss (blitz)"]
[EventRounds "11"]
[EventCountry "USA"]
[SourceTitle "CBM 212 Extra"]
[Source "ChessBase"]
[SourceDate "2023.03.31"]
[SourceVersion "1"]
[SourceVersionDate "2023.03.31"]
[SourceQuality "1"]

1. d4 Nf6 2. c4 g6 3. Nc3 Bg7 4. e4 d6 5. h3 0-0 6. Nf3 Na6 7. Be2 e5 8. d5 Nh5 9. Be3 Qe8 10. g4 Nf4 11. Bf1 f5 12. gxf5 gxf5 13. Nd2 Nc5 14. Bxc5 dxc5 15. exf5 e4 16. Ncxe4 Bxf5 17. f3 Qh5 18. Qb3 Qh4+ 19. Kd1 Rae8 20. Kc2 Bxe4+ 21. fxe4 Qf2 22. Bd3 Ng2 23. Rag1 Kh8 24. Kc1 Bh6 25. Qc3+ Bg7 26. Qb3 Re7 27. Rf1 Bh6 28. Rxf2 Rxf2 29. Qc3+ Rg7 30. Rg1 Bxd2+ 31. Qxd2 Rxd2 32. Kxd2 Nf4 33. Rxg7 Kxg7 34. e5 Nxh3 35. Ke3 Ng5 36. Kf4 Nf7 37. Bf5 h6 38. Bc8 b6 39. Kf5 Kf8 40. Be6 Nd8 41. Bd7 Ke7 42. Ba4 Nf7 43. Bd1 Ng5 44. Bg4 a6 45. Kg6 Nf7 46. Kf5 b5 47. b3 b4 48. Bh5 Ng5 49. Bg4 Nf7 50. Bh5 Ng5 51. Bg4 Nf7 1/2-1/2

[Event "Titled Tuesday intern op 17th Jan Early"]
[Site "Chess.com INT"]
[Date "2023.01.17"]
[Round "6"]
[White "Degtiarev, Evgeny"]
[Black "Jaskolka, Tomasz"]
[Result "0-1"]
[WhiteElo "2385"]
[BlackElo "2188"]
[PlyCount "70"]
[EventDate "2023.01.17"]
[EventType "swiss (blitz)"]
[EventRounds "11"]
[EventCountry "USA"]
[SourceTitle "CBM 212 Extra"]
[Source "ChessBase"]
[SourceDate "2023.03.31"]
[SourceVersion "1"]
[SourceVersionDate "2023.03.31"]
[SourceQuality "1"]

1. d4 d5 2. c4 e5 3. dxe5 d4 4. Nf3 Nc6 5. g3 Nge7 6. Nbd2 Ng6 7. Bg2 Ngxe5 8. 0-0 Be6 9. b3 Qd7 10. a3 Be7 11. Bb2 h5 12. Nxe5 Nxe5 13. Nf3 Nxf3+ 14. Bxf3 Bf6 15. Bxb7 Rb8 16. Bg2 h4 17. e3 hxg3 18. exd4 gxh2+ 19. Kh1 Bh3 20. Re1+ Kf8 21. Qf3 Bxg2+ 22. Qxg2 Rxb3 23. Rab1 g6 24. Ba1 Rxb1 25. Rxb1 Kg7 26. d5 Qf5 27. Bxf6+ Qxf6 28. Rf1 Qc3 29. Qe4 Qf6 30. c5 Rh4 31. Qe3 Qf5 32. Rd1 Rh3 33. Qd4+ Kh7 34. f4 Qg4 35. Rd2 Qf3+ 0-1

[Event "Titled Tuesday intern op 17th Jan Late"]
[Site "Chess.com INT"]
[Date "2023.01.17"]
[Round "6"]
[White "Safar, Sandro"]
[Black "Degtiarev, Evgeny"]
[Result "0-1"]
[WhiteElo "2179"]
[BlackElo "2385"]
[PlyCount "212"]
[EventDate "2023.01.17"]
[EventType "swiss (blitz)"]
[EventRounds "11"]
[EventCountry "USA"]
[SourceTitle "CBM 212 Extra"]
[Source "ChessBase"]
[SourceDate "2023.03.31"]
[SourceVersion "1"]
[SourceVersionDate "2023.03.31"]
[SourceQuality "1"]

1. d4 d5 2. Nc3 c6 3. Bf4 Nf6 4. e3 Nbd7 5. Nf3 g6 6. Be2 Bg7 7. Ne5 0-0 8. h4 Nxe5 9. Bxe5 h5 10. f3 Bh6 11. Qd2 b5 12. 0-0-0 b4 13. Na4 a5 14. Rdg1 Nd7 15. Bf4 Bg7 16. g4 hxg4 17. h5 gxh5 18. fxg4 h4 19. g5 e5 20. dxe5 Nxe5 21. Rxh4 Ng6 22. Rh2 Bf5 23. Bd3 Qc8 24. Nb6 Qe6 25. Nxa8 Rxa8 26. Bxf5 Qxf5 27. Qd3 Qe6 28. Rf2 a4 29. Rgf1 c5 30. Bg3 c4 31. Qf5 Qxe3+ 32. Kb1 Rf8 33. Qxd5 Qxg3 34. Rxf7 Rxf7 35. Qxf7+ Kh7 36. Rh1+ Nh4 37. Qh5+ Kg8 38. Qxh4 Qe5 39. Qh7+ Kf8 40. Rf1+ Ke7 41. c3 bxc3 42. g6 c2+ 43. Kxc2 Qe2+ 44. Kc1 Qxb2+ 45. Kd1 Qd4+ 46. Ke2 Qe4+ 47. Kf2 Qf4+ 48. Kg2 Qg4+ 49. Kh1 Qe4+ 50. Kh2 Qe5+ 51. Kg2 Qe2+ 52. Rf2 Qe4+ 53. Rf3 Qe2+ 54. Kg3 Qe5+ 55. Kh3 Qe6+ 56. Kh4 Qe4+ 57. Kg3 Qe5+ 58. Kg4 Qe4+ 59. Rf4 Qg2+ 60. Kf5 Qd5+ 61. Kg4 Qg2+ 62. Kh5 Qh3+ 63. Kg5 Qg2+ 64. Rg4 Qd5+ 65. Kh4 Qh1+ 66. Kg3 Qg1+ 67. Kf3 Qf1+ 68. Ke4 Qd3+ 69. Kf4 Qf1+ 70. Kg3 Qg1+ 71. Kf3 Qf1+ 72. Ke3 Qd3+ 73. Kf2 Qd2+ 74. Kg3 Qe1+ 75. Kg2 Qe2+ 76. Kh3 Qf1+ 77. Rg2 Qf3+ 78. Rg3 Qh1+ 79. Kg4 Qe4+ 80. Kg5 Qe5+ 81. Kh4 Qf4+ 82. Kh3 Qf1+ 83. Kh2 Qf2+ 84. Rg2 Qf4+ 85. Kh1 Qf1+ 86. Rg1 Qf3+ 87. Kh2 Qf2+ 88. Rg2 Qf4+ 89. Kg1 Qe3+ 90. Rf2 Qe1+ 91. Kg2 Qe4+ 92. Kf1 Qd3+ 93. Re2+ Kf6 94. Qh4+ Kxg6 95. Qg4+ Kf7 96. Qf4+ Bf6 97. Qe3 Qf5+ 98. Ke1 Qb1+ 99. Kf2 Qf5+ 100. Qf3 Qc5+ 101. Kg2 Qg5+ 102. Qg3 Qd5+ 103. Qf3 Qd4 104. Rf2 c3 105. a3 Qe5 106. Qb7+ Kg6 0-1